| 000 | 01105cam a22003613a 4500 | ||
|---|---|---|---|
| 001 | 19191 | ||
| 003 | PGUSA | ||
| 005 | 20140828083416.0 | ||
| 008 | 060906s2006||||xxu|||||s|||||000 1 eng d | ||
| 040 |
_aPGUSA _beng |
||
| 042 | _adc | ||
| 050 | 4 | _aPS | |
| 100 | 1 |
_aWharton, Edith, _d1862-1937 |
|
| 245 | 1 | 4 |
_aThe Fruit of the Tree _h[electronic resource] / _cEdith Wharton |
| 260 |
_bProject Gutenberg, _c2006 |
||
| 506 | _aPublic domain in the USA. | ||
| 516 | _aElectronic text | ||
| 653 | _aWidows -- Fiction | ||
| 653 | _aBerkshire Hills (Mass.) -- Fiction | ||
| 653 | _aDomestic fiction | ||
| 653 | _aRemarried people -- Fiction | ||
| 653 | _aTextile industry -- Fiction | ||
| 653 | _aTriangles (Interpersonal relations) -- Fiction | ||
| 653 | _aLabor movement -- Fiction | ||
| 653 | _aPsychological fiction | ||
| 653 | _aFemale friendship -- Fiction | ||
| 653 | _aIndustrial relations -- Fiction | ||
| 653 | _aLove stories | ||
| 700 | 1 |
_aKimball, Alonzo, _d1874-1923 |
|
| 830 | 0 |
_aProject Gutenberg _v19191 |
|
| 856 | 4 | 0 | _uhttp://www.gutenberg.org/ebooks/19191 |
| 942 | _cEB | ||
| 999 |
_c248446 _d248446 |
||